Včera a zajtra

Bibliographic Details
Main Author: Mináč, Vladimír, 1922-1996 (Author)
Format: Book
Language:Slovak
PhysicalDescription:172, [3] s. 21 cm
Published: Bratislava Slovenský spisovateľ 1951
Edition:3. opr. vyd.
Series:Pôvodná tvorba
Subjects:

MARC

LEADER 00000cam a2200000 a 4500
001 vtls008385834
003 SK-MaSNL
005 20260302004100.0
008 230403s1951 xo g 000 f slo
015 |a SNBA19451955-007643 
035 |a SK01SNKBKSFS20010078051 
035 |a urn:nbn:sk:snk-am3i92i 
035 |a 428B0A61-DDCA-4B8F-B6A7-1BA8517DAEBF 
035 |a urn:nbn:sk:snk-am00dxzz 
035 |a SKM000080514 
040 |a SNK  |b slo  |c SNK  |e AACR2 
041 0 |a slo 
044 |a xo  |c SK 
080 |a 821.162.4-31  |2 2001 
100 1 |a Mináč, Vladimír,  |d 1922-1996  |4 aut  |9 103107 
245 1 0 |a Včera a zajtra  |c Vladimír Mináč 
250 |a 3. opr. vyd. 
260 |a Bratislava  |b Slovenský spisovateľ  |c 1951  |e Trnava  |f Západoslov. tlač. 
300 |a 172, [3] s.  |c 21 cm 
366 |e 7500 kusov 
490 1 |a Pôvodná tvorba  |v sv. 8 
655 7 |a slovenské romány  |2 SNKPH  |9 70324 
700 1 |i Voľné pokračovanie diela:  |a Mináč, Vladimír,  |d 1922-1996  |t Smrť chodí po horách  |9 84328 
830 0 |a Pôvodná tvorba  |9 281914 
852 |a Slovenská národná knižnica 
954 |a beletria pôvodná (slovenská)  |2 lita 
958 |a EUIPO 
958 |a OND 
958 |a RK 
958 |a TL 
958 |a LX 
999 |c 994530  |d 996460 
952 |a SNK  |b SNK  |y PREZ  |7 0  |p 17A0757740  |o snkSC 4470/8  |i snk2388/51  |0 0  |1 0  |4 0  |d 2018-12-18  |f 1  |l 0  |r 2025-06-25 00:00:00  |w 2026-02-24